000
00360nam a2200169Ia 4500
001
8209
005
20250626025558.0
008
211022s9999 xx 000 0 und d
082
_a
741.6 ZAH
100
_a
Zahabiya Jam
245
0
_a
Media facade
260
_a
Karachi
260
_b
Indus Valley School
260
_c
2005
300
_a
v. p.
942
_c
DISS
999
_c
5699
_d
5699